000
00244nam a2200085Ia 4500
245
0
_a
Radical engagements : a life in exile
100
_a
LEVY, Lorna Auckland Park, 2009
_9
77324
942
_c
BK
008
210817s9999 xx 000 0 und d
999
_c
300547
_d
300546